000 00364nam a2200133Ia 4500
008 220705s9999 xx 000 0 und d
041 _amar
082 _a362
100 _aDR NAYENA KASKHEDIKER
_92155
245 _aSWTRANTRALADHYATIL RATIYE PATRAKARITA
260 _aPUNE
_bBHARTIYE VICHAR SADHANA PRAKASHANPUNE
_c2022
300 _a104
650 _aMISCELLNOUS
_92156
999 _c4715
_d4715